Normal view
MARC view
- Roy, Kaushik
Entry Personal Name
001 - CONTROL NUMBER
- control field: 99200
003 - CONTROL NUMBER IDENTIFIER
- control field: NUST
005 - DATE AND TIME OF LATEST TRANSACTION
- control field: 20221006093320.0
008 - FIXED-LENGTH DATA ELEMENTS
- fixed length control field: 221006|| aca||aabn | a|a d
040 ## - CATALOGING SOURCE
- Original cataloging agency: NUST
- Transcribing agency: NUST
100 ## - HEADING--PERSONAL NAME
- Personal name: Roy, Kaushik
670 ## - SOURCE DATA FOUND
- Source citation: Work cat.: (NUST)178735: Yeo, Kiat Seng, 99199, Low voltage, low power VLSI subsystems /, c2005.
